MARC details
| 000 -CABECERA |
| campo de control de longitud fija |
01335cam a2200289 i 4500 |
| 003 - IDENTIFICADOR DEL NÚMERO DE CONTROL |
| campo de control |
DO-SdBNP |
| 005 - FECHA Y HORA DE LA ÚLTIMA TRANSACCIÓN |
| campo de control |
20240625143434.0 |
| 007 - CAMPO FIJO DE DESCRIPCIÓN FÍSICA--INFORMACIÓN GENERAL |
| campo de control de longitud fija |
ta |
| 008 - DATOS DE LONGITUD FIJA--INFORMACIÓN GENERAL |
| campo de control de longitud fija |
240625s2005 sp bc 000 f spa d |
| 020 ## - NÚMERO INTERNACIONAL ESTÁNDAR DEL LIBRO |
| Número Internacional Estándar del Libro |
8478712607 |
| 040 ## - FUENTE DE LA CATALOGACIÓN |
| Centro catalogador/agencia de origen |
DO-SdBNP |
| Centro/agencia transcriptor |
spa |
| Centro/agencia modificador |
BNPHU |
| Normas de descripción |
rda |
| 082 ## - NÚMERO DE LA CLASIFICACIÓN DECIMAL DEWEY |
| Número de documento/Ítem |
C828 |
| Número de edición |
22 |
| 100 1# - ENTRADA PRINCIPAL--NOMBRE DE PERSONA |
| Nombre de persona |
Cortés, Ferran Ramón |
| Término indicativo de función/relación |
autor |
| 9 (RLIN) |
85806 |
| 240 ## - TÍTULO UNIFORME |
| Título uniforme |
L´illa dels 5 fars / |
| 245 13 - MENCIÓN DE TÍTULO |
| Título |
La isla de los 5 faros : |
| Resto del título |
un recorrido por las claves de la comunicación / |
| Mención de responsabilidad, etc. |
Ferran Ramón Cortés : traducción Cristina Torrent Cortés |
| 250 ## - MENCIÓN DE EDICIÓN |
| Mención de edición |
3a. edición |
| 264 #1 - PRODUCCIÓN, PUBLICACIÓN, DISTRIBUCIÓN, FABRICACIÓN Y COPYRIGHT |
| Producción, publicación, distribución, fabricación y copyright |
Barcelona, España : |
| Nombre del de productor, editor, distribuidor, fabricante |
RBA libros, |
| Fecha de producción, publicación, distribución, fabricación o copyright |
2005. |
| 300 ## - DESCRIPCIÓN FÍSICA |
| Extensión |
142 páginas |
| Otras características físicas |
ilustraciones, retratos |
| Dimensiones |
22 cm. |
| 336 ## - TIPO DE CONTENIDO |
| Fuente |
rdacontent |
| Término de tipo de contenido |
texto |
| Código de tipo de contenido |
txt |
| 337 ## - TIPO DE MEDIO |
| Fuente |
rdamedia |
| Nombre/término del tipo de medio |
sin mediación |
| Código del tipo de medio |
n |
| 338 ## - TIPO DE SOPORTE |
| Fuente |
rdacarrier |
| Nombre/término del tipo de soporte |
volumen |
| Código del tipo de soporte |
nc |
| 520 ## - SUMARIO, ETC. |
| Sumario, etc. |
«La isla de los 5 faros es una invitación magistral a convertirnos en grandes comunicadores. Ferran nos lleva, a través de una historia inspiradora, cálida y cercana, a encontrar las claves de la comunicación altamente efectiva.»<br/><br/>«Cinco faros, cinco claves, cinco historias. Una isla, un escritor y un libro. Un libro claro y sencillo de obligada lectura para todos.»<br/> |
| 590 ## - NOTA LOCAL (RLIN) |
| Nota local |
Inventariado, 2024/ YL |
| 700 1# - PUNTO DE ACCESO ADICIONAL--NOMBRE DE PERSONA |
| Nombre de persona |
Torrent Cortés, Cristina |
| Término indicativo de función/relación |
traducción |
| 9 (RLIN) |
85807 |
| 910 ## - DATOS DE OPCIÓN DEL USUARIO (OCLC) |
| Datos de opción del usuario |
YLockward |
| 942 ## - ELEMENTOS DE PUNTO DE ACCESO ADICIONAL (KOHA) |
| Fuente del sistema de clasificación o colocación |
Dewey Decimal Classification |
| Tipo de ítem Koha |
Libro |